000 00621nam a22002297a 4500
003 UA-OsUOA
001 74039
007 ta
008 20110324b un ||||| |||| 00| 0 ukr d
100 _aНикитин М.
700 _aЮрко А.
090 _a330
_bН62
942 _cSA
040 _aUA-OsUOA
_brus
_cUA-OsUOA
_dUA-OsUOA
245 _aПоисковые теории рынков (Нобелевская премия по экономике 2010 года)
300 _aС.51-65
955 _a0
041 _arus
080 _a330
773 0 _w74037
650 7 _a330 Економіка взагалі
_2UDC
999 _c360331
_d360331